000 00666nam a2200229Ia 4500
005 20221205133311.0
008 131103s9999 xx 000 0 und d
020 _a582276497
040 _aLoreto College
041 _aEnglish
082 _a821.809
_bCOS
245 _aVictorian women poets
_cedited and introduced by Tess Cosslett
260 _aLondon
_bLongman
_c1996
300 _ax,286 p.
440 _aLongman Critical Readers
504 _aIncludes bibliographical references and index
650 _aEnglish Poetry
651 _a19th Century - Women Authors - History and Criticism
700 _aCosslett,Tess,ed.
850 _aLCLIB
942 _cBK
999 _c6002
_d56481